[Event "Open-1"]
[Site "Katowice"]
[Date "2025.05.31"]
[Round "11.29"]
[White "Gierulski, Kamil"]
[Black "Sroka, Janusz"]
[Result "1-0"]
[BlackElo "2022"]
[WhiteElo "2260"]
[LiveChessVersion "1.4.4"]

1. c4 {[%clk 0:10:02]} e5 {[%clk 0:09:54]} 2. g3 {[%clk 0:10:03]} d6
{[%clk 0:09:54]} 3. Bg2 {[%clk 0:10:05]} f5 {[%clk 0:09:55]} 4. Nc3
{[%clk 0:10:05]} Nf6 {[%clk 0:09:55]} 5. e3 {[%clk 0:10:07]} Be7 {[%clk 0:09:54]}
6. Nge2 {[%clk 0:10:08]} O-O {[%clk 0:09:55]} 7. O-O {[%clk 0:10:07]} c6
{[%clk 0:09:53]} 8. b4 {[%clk 0:10:08]} Qe8 {[%clk 0:09:49]} 9. b5
{[%clk 0:10:08]} Kh8 {[%clk 0:09:39]} 10. Rb1 {[%clk 0:10:09]} Qh5
{[%clk 0:09:30]} 11. bxc6 {[%clk 0:10:05]} Nxc6 {[%clk 0:09:25]} 12. Nb5
{[%clk 0:09:39]} f4 {[%clk 0:09:10]} 13. exf4 {[%clk 0:09:39]} Bh3
{[%clk 0:09:11]} 14. f3 {[%clk 0:09:20]} e4 {[%clk 0:08:52]} 15. Bxh3
{[%clk 0:05:29]} exf3 {[%clk 0:08:10]} 16. Ned4 {[%clk 0:04:57]} Qxh3
{[%clk 0:06:32]} 17. Qxf3 {[%clk 0:04:57]} Nxd4 {[%clk 0:04:37]} 18. Nxd4
{[%clk 0:04:58]} d5 {[%clk 0:04:36]} 19. Qg2 {[%clk 0:04:35]} Qd7
{[%clk 0:04:29]} 20. Kh1 {[%clk 0:04:18]} b6 {[%clk 0:04:15]} 21. cxd5
{[%clk 0:04:16]} Nxd5 {[%clk 0:04:02]} 22. Nf3 {[%clk 0:04:15]} Bf6
{[%clk 0:03:45]} 23. Bb2 {[%clk 0:04:16]} Bxb2 {[%clk 0:03:28]} 24. Rxb2
{[%clk 0:04:17]} Rac8 {[%clk 0:03:29]} 25. Ne5 {[%clk 0:04:17]} Qd6
{[%clk 0:03:19]} 26. Rb3 {[%clk 0:04:09]} Nb4 {[%clk 0:02:56]} 27. Rc3
{[%clk 0:03:46]} Rce8 {[%clk 0:02:34]} 28. a3 {[%clk 0:03:34]} Na6
{[%clk 0:02:26]} 29. Rd3 {[%clk 0:03:16]} Qc5 {[%clk 0:02:05]} 30. Re3
{[%clk 0:03:02]} Qd4 {[%clk 0:01:45]} 31. Rfe1 {[%clk 0:02:41]} Rc8
{[%clk 0:01:28]} 32. Qh3 {[%clk 0:02:34]} Qd5+ {[%clk 0:01:14]} 33. Kg1
{[%clk 0:02:29]} Kg8 {[%clk 0:01:09]} 34. Rd3 {[%clk 0:02:19]} Qc5+
{[%clk 0:01:08]} 35. Kh1 {[%clk 0:02:20]} Rce8 {[%clk 0:00:52]} 36. Rd7
{[%clk 0:02:18]} Rxe5 {[%clk 0:00:47]} 37. Rxe5 {[%clk 0:02:06]} Qc6+
{[%clk 0:00:29]} 38. Kg1 {[%clk 0:01:47]} Nc5 {[%clk 0:00:30]} 39. Rdd5
{[%clk 0:01:35]} Qa4 {[%clk 0:00:29]} 40. Re1 {[%clk 0:01:26]} Qxa3
{[%clk 0:00:22]} 41. Qg4 {[%clk 0:01:21]} Qb3 {[%clk 0:00:09]} 42. Rde5
{[%clk 0:01:03]} Qd3 {[%clk 0:00:08]} 43. Re7 {[%clk 0:01:01]} Qd4+
{[%clk 0:00:08]} 44. R1e3 {[%clk 0:01:02]} h6 {[%clk 0:00:05]} 45. Qg6
{[%clk 0:00:55]} a5 {[%clk 0:00:03]} 46. Re8 {[%clk 0:00:56]} Qf6
{[%clk 0:00:03]} 47. Rxf8+ 1-0

[Event "Open-1"]
[Site "Katowice"]
[Date "2025.05.31"]
[Round "11.30"]
[White "Lewtak, Damian"]
[Black "Smeryk, Andriy"]
[Result "1-0"]
[BlackElo "2010"]
[WhiteElo "2244"]
[LiveChessVersion "1.4.4"]

1. e4 {[%clk 0:10:03]} d5 {[%clk 0:10:03]} 2. d3 {[%clk 0:10:03]} dxe4
{[%clk 0:10:02]} 3. dxe4 {[%clk 0:10:04]} Qxd1+ {[%clk 0:10:03]} 4. Kxd1
{[%clk 0:10:04]} Nc6 {[%clk 0:10:03]} 5. c3 {[%clk 0:10:05]} e5 {[%clk 0:10:04]}
6. Be3 {[%clk 0:10:06]} Be6 {[%clk 0:10:04]} 7. Kc2 {[%clk 0:10:02]} O-O-O
{[%clk 0:10:02]} 8. Nd2 {[%clk 0:10:02]} a6 {[%clk 0:10:01]} 9. b3
{[%clk 0:10:01]} f5 {[%clk 0:09:59]} 10. Bc4 {[%clk 0:09:43]} Bxc4
{[%clk 0:09:50]} 11. Nxc4 {[%clk 0:09:43]} f4 {[%clk 0:09:49]} 12. Bd2
{[%clk 0:09:42]} Bc5 {[%clk 0:09:48]} 13. Nf3 {[%clk 0:09:19]} Re8
{[%clk 0:08:58]} 14. Be1 {[%clk 0:09:00]} Nf6 {[%clk 0:08:56]} 15. Nfd2
{[%clk 0:09:00]} Rd8 {[%clk 0:07:08]} 16. b4 {[%clk 0:08:57]} Ba7
{[%clk 0:07:09]} 17. a4 {[%clk 0:08:53]} Rhe8 {[%clk 0:06:43]} 18. b5
{[%clk 0:08:48]} Nb8 {[%clk 0:06:44]} 19. f3 g5 {[%clk 0:06:31]} 20. Rb1
{[%clk 0:08:19]} Nfd7 {[%clk 0:06:10]} 21. h4 {[%clk 0:08:18]} h6
{[%clk 0:05:58]} 22. hxg5 {[%clk 0:08:17]} hxg5 {[%clk 0:05:59]} 23. Rh5
{[%clk 0:08:17]} Rg8 {[%clk 0:05:57]} 24. g4 {[%clk 0:07:53]} Rde8
{[%clk 0:05:36]} 25. Nb3 {[%clk 0:07:39]} Nc5 {[%clk 0:05:37]} 26. Bf2
{[%clk 0:07:23]} Nbd7 {[%clk 0:05:21]} 27. Rh7 {[%clk 0:06:45]} Nxb3
{[%clk 0:04:44]} 28. Bxa7 {[%clk 0:06:43]} Nbc5 {[%clk 0:04:44]} 29. Rd1
{[%clk 0:06:11]} axb5 {[%clk 0:03:51]} 30. Bxc5 {[%clk 0:06:11]} Nxc5
{[%clk 0:03:52]} 31. axb5 {[%clk 0:06:12]} b6 {[%clk 0:03:47]} 32. Rd5
{[%clk 0:06:11]} Rh8 {[%clk 0:02:27]} 33. Rxh8 {[%clk 0:06:07]} Rxh8
{[%clk 0:02:28]} 34. Nxe5 {[%clk 0:05:58]} Rh2+ {[%clk 0:02:16]} 35. Rd2
{[%clk 0:05:54]} Rh3 {[%clk 0:02:12]} 36. Nc6 {[%clk 0:05:34]} Ne6
{[%clk 0:01:56]} 37. Rf2 {[%clk 0:05:13]} Rh1 {[%clk 0:01:45]} 38. e5
{[%clk 0:05:04]} Kd7 {[%clk 0:01:16]} 39. Nd4 {[%clk 0:05:04]} Nxd4+
{[%clk 0:00:31]} 40. cxd4 {[%clk 0:05:04]} Ke6 {[%clk 0:00:32]} 41. Re2
{[%clk 0:04:44]} Rf1 {[%clk 0:00:19]} 42. Kd3 {[%clk 0:04:45]} Rxf3+
{[%clk 0:00:16]} 43. Ke4 {[%clk 0:04:46]} Rb3 {[%clk 0:00:11]} 44. d5+
{[%clk 0:04:45]} Ke7 {[%clk 0:00:12]} 45. Rc2 {[%clk 0:04:40]} Kd7
{[%clk 0:00:06]} 46. e6+ {[%clk 0:04:36]} Kd8 {[%clk 0:00:06]} 47. Rh2
{[%clk 0:04:23]} Rb4+ {[%clk 0:00:03]} 48. Ke5 {[%clk 0:04:22]} Rxb5
{[%clk 0:00:03]} 49. Rh8+ {[%clk 0:04:12]} Ke7 {[%clk 0:00:04]} 50. Rh7+
{[%clk 0:04:05]} Kd8 {[%clk 0:00:00]} 1-0

[Event "Open-1"]
[Site "Katowice"]
[Date "2025.05.31"]
[Round "11.31"]
[White "Warchol, Kamil"]
[Black "Wojs, Alicja"]
[Result "1-0"]
[BlackElo "1996"]
[WhiteElo "2194"]
[LiveChessVersion "1.4.4"]

1. e4 {[%clk 0:10:01]} c5 {[%clk 0:10:03]} 2. Nf3 {[%clk 0:10:02]} Nc6
{[%clk 0:10:04]} 3. Bb5 {[%clk 0:10:03]} Qb6 {[%clk 0:10:05]} 4. Nc3
{[%clk 0:10:04]} e6 {[%clk 0:10:06]} 5. O-O {[%clk 0:10:03]} Nd4 {[%clk 0:10:07]}
6. a4 {[%clk 0:09:51]} Be7 {[%clk 0:09:50]} 7. d3 {[%clk 0:09:41]} a6
{[%clk 0:09:46]} 8. Bc4 {[%clk 0:09:41]} d6 {[%clk 0:09:46]} 9. Nxd4
{[%clk 0:08:57]} cxd4 {[%clk 0:09:47]} 10. Ne2 {[%clk 0:08:57]} Nf6
{[%clk 0:09:47]} 11. Bd2 {[%clk 0:06:38]} Bd7 {[%clk 0:09:24]} 12. a5
{[%clk 0:06:27]} Qa7 {[%clk 0:09:25]} 13. Bb4 {[%clk 0:06:04]} b5
{[%clk 0:08:01]} 14. axb6 {[%clk 0:05:35]} Qxb6 {[%clk 0:08:02]} 15. Qd2
{[%clk 0:05:33]} Ng4 {[%clk 0:07:12]} 16. Bb3 {[%clk 0:04:51]} Ne5
{[%clk 0:07:00]} 17. f4 {[%clk 0:04:34]} Nc6 {[%clk 0:07:00]} 18. Ba3
{[%clk 0:04:35]} O-O {[%clk 0:06:05]} 19. Ng3 {[%clk 0:04:36]} a5
{[%clk 0:05:54]} 20. f5 {[%clk 0:04:17]} Nb4 {[%clk 0:05:31]} 21. Nh5
{[%clk 0:04:07]} Qc5 {[%clk 0:03:41]} 22. Qf2 {[%clk 0:02:48]} Qe5
{[%clk 0:02:41]} 23. Qf3 {[%clk 0:02:22]} exf5 {[%clk 0:01:43]} 24. exf5
{[%clk 0:02:22]} Qe3+ {[%clk 0:01:44]} 25. Qxe3 {[%clk 0:01:41]} dxe3
{[%clk 0:01:45]} 26. f6 {[%clk 0:01:34]} Bxf6 {[%clk 0:01:00]} 27. Nxf6+
{[%clk 0:01:05]} gxf6 {[%clk 0:01:01]} 28. Rxf6 {[%clk 0:01:06]} Be6
{[%clk 0:01:03]} 29. Bxe6 {[%clk 0:00:09]} fxe6 {[%clk 0:00:50]} 30. Rxf8+
{[%clk 0:00:04]} Rxf8 {[%clk 0:00:51]} 31. Bxb4 {[%clk 0:00:03]} axb4
{[%clk 0:00:52]} 32. Re1 {[%clk 0:00:04]} Rc8 {[%clk 0:00:54]} 33. Rxe3
{[%clk 0:00:03]} Rxc2 {[%clk 0:00:55]} 34. Rxe6 {[%clk 0:00:04]} Rxb2
{[%clk 0:00:56]} 35. Rxd6 {[%clk 0:00:05]} Kf7 {[%clk 0:00:58]} 36. h3
{[%clk 0:00:04]} b3 {[%clk 0:00:58]} 37. Kh2 {[%clk 0:00:05]} Ke7
{[%clk 0:00:59]} 38. Rh6 {[%clk 0:00:06]} Rd2 {[%clk 0:00:53]} 39. Rxh7+
{[%clk 0:00:07]} Kf6 {[%clk 0:00:54]} 40. Rd7 {[%clk 0:00:06]} Ke6
{[%clk 0:00:55]} 41. Rd4 {[%clk 0:00:06]} Ke5 {[%clk 0:00:56]} 42. Rd8
{[%clk 0:00:06]} Ke6 {[%clk 0:00:58]} 43. Kg3 {[%clk 0:00:05]} b2
{[%clk 0:00:59]} 44. Rb8 {[%clk 0:00:05]} Rxd3+ {[%clk 0:01:00]} 45. Kf2
{[%clk 0:00:06]} Rd2+ {[%clk 0:01:01]} 46. Kf3 {[%clk 0:00:07]} Kf6
{[%clk 0:01:02]} 47. g3 {[%clk 0:00:04]} Kg6 {[%clk 0:01:02]} 48. h4
{[%clk 0:00:05]} Rd3+ {[%clk 0:00:57]} 49. Kg4 {[%clk 0:00:06]} Rd4+
{[%clk 0:00:58]} 50. Kh3 {[%clk 0:00:07]} Rd2 {[%clk 0:01:00]} 51. Rb6+
{[%clk 0:00:08]} Kg7 {[%clk 0:00:59]} 52. Rb4 {[%clk 0:00:06]} Kg6
{[%clk 0:00:59]} 53. Kg4 Rc2 {[%clk 0:00:59]} 54. Rb6+ {[%clk 0:00:07]} Kg7
{[%clk 0:01:00]} 55. Rb5 {[%clk 0:00:06]} Kg6 {[%clk 0:01:00]} 56. Rg5+
{[%clk 0:00:07]} Kh6 {[%clk 0:01:01]} 57. Rh5+ {[%clk 0:00:08]} Kg6
{[%clk 0:01:02]} 58. Rg5+ {[%clk 0:00:09]} Kh6 {[%clk 0:01:04]} 59. Rb5
{[%clk 0:00:11]} Rc4+ {[%clk 0:01:04]} 60. Kh3 {[%clk 0:00:11]} Rc2
{[%clk 0:01:05]} 61. Rb6+ {[%clk 0:00:11]} Kg7 {[%clk 0:01:06]} 62. h5
{[%clk 0:00:11]} Kh7 {[%clk 0:01:04]} 63. Kh4 {[%clk 0:00:12]} Kg7
{[%clk 0:01:05]} 64. g4 {[%clk 0:00:13]} Kh7 {[%clk 0:01:06]} 65. Rb7+
{[%clk 0:00:14]} Kg8 {[%clk 0:01:08]} 66. g5 {[%clk 0:00:13]} Rc4+
{[%clk 0:01:07]} 67. Kg3 {[%clk 0:00:14]} Rc2 {[%clk 0:01:03]} 68. Kf4
{[%clk 0:00:12]} Rf2+ {[%clk 0:01:03]} 69. Ke5 {[%clk 0:00:12]} Kh8
{[%clk 0:00:45]} 70. h6 {[%clk 0:00:13]} Kg8 {[%clk 0:00:44]} 71. g6
{[%clk 0:00:13]} Re2+ {[%clk 0:00:40]} 72. Kf4 {[%clk 0:00:13]} Rf2+
{[%clk 0:00:36]} 73. Kg3 {[%clk 0:00:12]} Rf6 {[%clk 0:00:34]} 74. Rb8+
{[%clk 0:00:11]} Rf8 {[%clk 0:00:35]} 75. h7+ {[%clk 0:00:05]} Kg7
{[%clk 0:00:31]} 76. Rxf8 {[%clk 0:00:05]} b1=Q {[%clk 0:00:25]} 77. h8=Q+
{[%clk 0:00:05]} Kxg6 {[%clk 0:00:26]} 78. Rf6+ {[%clk 0:00:05]} Kg5
{[%clk 0:00:27]} 79. Qh6# {[%clk 0:00:05]} 1-0

[Event "Open-1"]
[Site "Katowice"]
[Date "2025.05.31"]
[Round "11.32"]
[White "Pekala, Dawid"]
[Black "Golenia, Wojciech"]
[Result "0-1"]
[BlackElo "2179"]
[WhiteElo "1961"]
[LiveChessVersion "1.4.4"]

1. e4 {[%clk 0:10:04]} e5 {[%clk 0:10:03]} 2. Nf3 {[%clk 0:10:05]} Nc6
{[%clk 0:10:04]} 3. Bc4 {[%clk 0:10:06]} Nf6 {[%clk 0:10:05]} 4. d3
{[%clk 0:10:07]} h6 {[%clk 0:10:05]} 5. c3 {[%clk 0:09:59]} d6 {[%clk 0:10:05]}
6. Nbd2 {[%clk 0:09:49]} g5 {[%clk 0:10:06]} 7. Nf1 {[%clk 0:09:25]} Bg7
{[%clk 0:09:35]} 8. Ng3 {[%clk 0:09:18]} g4 {[%clk 0:09:35]} 9. Nd2
{[%clk 0:09:12]} d5 {[%clk 0:09:35]} 10. Bb3 {[%clk 0:09:04]} h5 {[%clk 0:09:15]}
11. Ngf1 {[%clk 0:08:29]} Be6 {[%clk 0:09:03]} 12. Ne3 {[%clk 0:08:17]} Qd7
{[%clk 0:09:03]} 13. Bc2 {[%clk 0:07:19]} h4 {[%clk 0:07:21]} 14. Ndf1
{[%clk 0:06:33]} d4 {[%clk 0:07:14]} 15. Nc4 {[%clk 0:05:59]} Nxe4
{[%clk 0:07:01]} 16. Nxe5 {[%clk 0:05:21]} Nxe5 {[%clk 0:06:59]} 17. dxe4
{[%clk 0:05:22]} d3 {[%clk 0:06:58]} 18. Ba4 {[%clk 0:05:07]} b5 {[%clk 0:06:59]}
19. Bb3 {[%clk 0:05:08]} h3 {[%clk 0:07:00]} 20. Bxe6 {[%clk 0:03:29]} Qxe6
{[%clk 0:07:00]} 21. Ne3 {[%clk 0:03:30]} hxg2 {[%clk 0:06:55]} 22. Nxg2
{[%clk 0:03:30]} Nf3+ {[%clk 0:06:49]} 23. Kf1 {[%clk 0:03:32]} d2
{[%clk 0:06:32]} 24. Bxd2 {[%clk 0:03:17]} Qc4+ {[%clk 0:06:29]} 25. Qe2
{[%clk 0:03:13]} Nxd2+ {[%clk 0:06:29]} 26. Ke1 {[%clk 0:03:14]} Nf3+
{[%clk 0:06:30]} 27. Kf1 {[%clk 0:03:08]} Nxh2+ {[%clk 0:06:30]} 28. Rxh2
{[%clk 0:03:10]} Qxe2+ {[%clk 0:06:30]} 0-1

[Event "Open-1"]
[Site "Katowice"]
[Date "2025.05.31"]
[Round "11.33"]
[White "Chylewski, Patryk"]
[Black "Zawierucha, Aleksander"]
[Result "1-0"]
[BlackElo "1963"]
[WhiteElo "2174"]
[LiveChessVersion "1.4.4"]

1. d4 {[%clk 0:10:03]} Nf6 {[%clk 0:10:03]} 2. c4 {[%clk 0:10:02]} e5
{[%clk 0:10:04]} 3. dxe5 {[%clk 0:10:02]} Ng4 {[%clk 0:10:05]} 4. e3
{[%clk 0:10:01]} Nxe5 {[%clk 0:10:05]} 5. Nh3 {[%clk 0:10:01]} d6
{[%clk 0:10:05]} 6. Nf4 {[%clk 0:10:01]} Be7 {[%clk 0:10:01]} 7. Nc3
{[%clk 0:10:01]} O-O {[%clk 0:09:55]} 8. Be2 {[%clk 0:10:01]} Be6
{[%clk 0:09:39]} 9. Nxe6 {[%clk 0:09:41]} fxe6 {[%clk 0:09:38]} 10. f4
{[%clk 0:09:20]} Nec6 {[%clk 0:09:25]} 11. O-O {[%clk 0:09:10]} Nd7
{[%clk 0:09:05]} 12. e4 {[%clk 0:09:05]} e5 {[%clk 0:08:59]} 13. g3
{[%clk 0:08:21]} Nd4 {[%clk 0:08:19]} 14. Nd5 {[%clk 0:08:19]} c6
{[%clk 0:08:07]} 15. Nc3 {[%clk 0:07:24]} Qb6 {[%clk 0:07:24]} 16. Kg2
{[%clk 0:07:18]} Nc5 {[%clk 0:06:33]} 17. f5 {[%clk 0:07:14]} Rad8
{[%clk 0:05:59]} 18. Rb1 {[%clk 0:06:58]} Qc7 {[%clk 0:05:44]} 19. Be3
{[%clk 0:06:42]} Nxe2 {[%clk 0:05:37]} 20. Qxe2 {[%clk 0:06:43]} b6
{[%clk 0:05:34]} 21. g4 {[%clk 0:06:36]} h6 {[%clk 0:05:27]} 22. Qf2
{[%clk 0:06:20]} Bg5 {[%clk 0:05:16]} 23. h4 {[%clk 0:06:14]} Bxe3
{[%clk 0:05:14]} 24. Qxe3 {[%clk 0:06:14]} Nd7 {[%clk 0:04:53]} 25. g5
{[%clk 0:06:14]} hxg5 {[%clk 0:04:43]} 26. hxg5 {[%clk 0:06:14]} Kf7
{[%clk 0:04:38]} 27. Rh1 {[%clk 0:05:58]} Rh8 {[%clk 0:04:38]} 28. Qf3
{[%clk 0:05:36]} Rdg8 {[%clk 0:04:27]} 29. Rh5 {[%clk 0:05:33]} Rxh5
{[%clk 0:03:27]} 30. Qxh5+ {[%clk 0:05:33]} Kf8 {[%clk 0:03:23]} 31. Rd1
{[%clk 0:05:12]} Nc5 {[%clk 0:02:49]} 32. Qg6 {[%clk 0:05:07]} Nb7
{[%clk 0:02:10]} 33. Qh5 {[%clk 0:04:19]} Qf7 {[%clk 0:02:07]} 34. Qe2
{[%clk 0:03:32]} Rh8 {[%clk 0:02:03]} 35. Rh1 {[%clk 0:03:31]} Rxh1
{[%clk 0:02:01]} 36. Kxh1 {[%clk 0:03:31]} Nc5 {[%clk 0:01:49]} 37. b3
{[%clk 0:03:22]} Qe7 {[%clk 0:01:45]} 38. Qh5 {[%clk 0:03:18]} Qf7
{[%clk 0:01:40]} 39. Qh4 {[%clk 0:02:47]} Qe7 {[%clk 0:01:26]} 40. Qh8+
{[%clk 0:02:43]} Kf7 {[%clk 0:01:24]} 41. g6+ {[%clk 0:02:44]} 1-0

[Event "Open-1"]
[Site "Katowice"]
[Date "2025.05.31"]
[Round "11.34"]
[White "Vodila, Martin Botond"]
[Black "Wolak, Maciej"]
[Result "1-0"]
[BlackElo "1767"]
[WhiteElo "2166"]
[LiveChessVersion "1.4.4"]

1. e4 {[%clk 0:10:02]} c5 {[%clk 0:10:04]} 2. Nf3 {[%clk 0:10:03]} d6
{[%clk 0:10:05]} 3. d4 {[%clk 0:10:04]} cxd4 {[%clk 0:10:06]} 4. Qxd4
{[%clk 0:10:05]} a6 {[%clk 0:10:04]} 5. Be3 {[%clk 0:10:05]} Nc6 {[%clk 0:10:05]}
6. Qb6 {[%clk 0:10:06]} Qxb6 {[%clk 0:09:57]} 7. Bxb6 {[%clk 0:10:06]} Nf6
{[%clk 0:09:58]} 8. Nc3 {[%clk 0:10:06]} g6 {[%clk 0:09:47]} 9. Nd5
{[%clk 0:08:48]} Nxd5 {[%clk 0:09:19]} 10. exd5 {[%clk 0:08:48]} Nb8
{[%clk 0:09:05]} 11. Bd4 {[%clk 0:08:32]} f6 {[%clk 0:08:50]} 12. O-O-O
{[%clk 0:07:56]} Bg7 {[%clk 0:08:45]} 13. Re1 {[%clk 0:07:40]} Kf7
{[%clk 0:08:14]} 14. h4 {[%clk 0:07:08]} h5 {[%clk 0:07:52]} 15. Bd3
{[%clk 0:05:41]} Nd7 {[%clk 0:07:00]} 16. Nd2 {[%clk 0:04:14]} b5
{[%clk 0:06:08]} 17. f4 {[%clk 0:04:10]} Bh6 {[%clk 0:05:06]} 18. g3
{[%clk 0:04:09]} Bb7 {[%clk 0:05:06]} 19. Be4 {[%clk 0:04:10]} Rac8
{[%clk 0:04:54]} 20. Kb1 Nc5 {[%clk 0:04:51]} 21. Bf3 {[%clk 0:03:50]} Bg7
{[%clk 0:04:11]} 22. Re3 {[%clk 0:03:42]} Rc7 {[%clk 0:04:04]} 23. Rhe1
{[%clk 0:03:33]} Bc8 {[%clk 0:02:55]} 24. Bxc5 {[%clk 0:03:23]} dxc5
{[%clk 0:02:53]} 25. d6 {[%clk 0:03:23]} Rd7 {[%clk 0:02:04]} 26. Rxe7+
{[%clk 0:02:49]} Rxe7 {[%clk 0:01:59]} 27. Rxe7+ {[%clk 0:02:49]} Kf8
{[%clk 0:02:00]} 28. Bd5 {[%clk 0:02:34]} f5 {[%clk 0:01:37]} 29. Nf3
{[%clk 0:02:21]} Bd4 {[%clk 0:01:15]} 30. Nxd4 {[%clk 0:02:07]} cxd4
{[%clk 0:01:16]} 31. Rc7 {[%clk 0:02:05]} 1-0

[Event "Open-1"]
[Site "Katowice"]
[Date "2025.05.31"]
[Round "11.35"]
[White "Zarnowski, Krzysztof"]
[Black "Smetek, Michal"]
[Result "1-0"]
[BlackElo "2149"]
[WhiteElo "2006"]
[LiveChessVersion "1.4.4"]

1. d4 {[%clk 0:10:02]} d5 {[%clk 0:09:54]} 2. c4 {[%clk 0:10:03]} c6
{[%clk 0:09:56]} 3. Nf3 {[%clk 0:10:02]} Nf6 {[%clk 0:09:57]} 4. cxd5
{[%clk 0:10:03]} cxd5 {[%clk 0:09:59]} 5. Nc3 {[%clk 0:10:03]} Nc6
{[%clk 0:10:00]} 6. Bf4 {[%clk 0:10:03]} a6 {[%clk 0:10:02]} 7. Rc1
{[%clk 0:10:04]} Bg4 {[%clk 0:09:28]} 8. Ne5 {[%clk 0:09:37]} Bd7
{[%clk 0:09:29]} 9. e3 {[%clk 0:09:14]} e6 {[%clk 0:09:27]} 10. Bd3
{[%clk 0:08:57]} Be7 {[%clk 0:09:04]} 11. O-O {[%clk 0:08:54]} O-O
{[%clk 0:09:01]} 12. Nxd7 {[%clk 0:06:49]} Nxd7 {[%clk 0:08:50]} 13. Qh5
{[%clk 0:06:12]} g6 {[%clk 0:08:27]} 14. Qe2 {[%clk 0:06:13]} Rc8
{[%clk 0:08:12]} 15. Na4 {[%clk 0:05:50]} Qa5 {[%clk 0:06:44]} 16. Nc3
{[%clk 0:04:35]} b5 {[%clk 0:06:20]} 17. a3 {[%clk 0:04:14]} Qd8 {[%clk 0:05:12]}
18. a4 {[%clk 0:04:03]} Nb6 {[%clk 0:00:58]} 19. axb5 {[%clk 0:04:01]} Nb4
{[%clk 0:00:59]} 20. bxa6 {[%clk 0:03:38]} Nc4 {[%clk 0:00:40]} 21. b3
{[%clk 0:03:13]} Nxd3 {[%clk 0:00:36]} 22. Qxd3 {[%clk 0:03:13]} Na5
{[%clk 0:00:34]} 23. Qb5 {[%clk 0:02:53]} Nc6 {[%clk 0:00:21]} 24. Na4
{[%clk 0:02:39]} Nb4 {[%clk 0:00:22]} 25. Nb6 {[%clk 0:02:22]} Rxc1
{[%clk 0:00:11]} 26. Rxc1 {[%clk 0:02:22]} g5 {[%clk 0:00:07]} 27. Bc7
{[%clk 0:02:07]} Qe8 {[%clk 0:00:08]} 28. Qxe8 {[%clk 0:02:06]} Rxe8
{[%clk 0:00:09]} 29. a7 {[%clk 0:02:06]} Nd3 {[%clk 0:00:08]} 30. Ra1
{[%clk 0:01:57]} 1-0

[Event "Open-1"]
[Site "Katowice"]
[Date "2025.05.31"]
[Round "11.36"]
[White "Marekwica, Dawid"]
[Black "Kowalski, Igor"]
[Result "0-1"]
[BlackElo "2346"]
[WhiteElo "2002"]
[LiveChessVersion "1.4.4"]

1. e4 {[%clk 0:10:03]} g6 {[%clk 0:10:03]} 2. d4 {[%clk 0:10:05]} Bg7
{[%clk 0:10:05]} 3. Nc3 {[%clk 0:10:06]} d6 {[%clk 0:10:06]} 4. Be3
{[%clk 0:10:05]} a6 {[%clk 0:10:07]} 5. Qd2 {[%clk 0:09:54]} b5 {[%clk 0:10:08]}
6. Bd3 {[%clk 0:09:53]} Bb7 {[%clk 0:10:09]} 7. h4 {[%clk 0:09:46]} h6
{[%clk 0:10:10]} 8. Nh3 {[%clk 0:09:14]} Nd7 {[%clk 0:10:10]} 9. a4
{[%clk 0:08:33]} b4 {[%clk 0:10:09]} 10. Ne2 {[%clk 0:08:31]} c5 {[%clk 0:10:06]}
11. c3 {[%clk 0:08:19]} bxc3 {[%clk 0:10:06]} 12. bxc3 {[%clk 0:08:19]} Ngf6
{[%clk 0:09:46]} 13. f3 {[%clk 0:08:20]} e5 {[%clk 0:09:05]} 14. d5
{[%clk 0:08:12]} Nh5 {[%clk 0:08:43]} 15. Nf2 {[%clk 0:07:53]} Nf4
{[%clk 0:08:24]} 16. Nxf4 {[%clk 0:07:40]} exf4 {[%clk 0:08:25]} 17. Bxf4
{[%clk 0:07:41]} Qa5 {[%clk 0:08:21]} 18. Ra3 {[%clk 0:06:31]} c4
{[%clk 0:08:12]} 19. Bc2 {[%clk 0:05:57]} Ne5 {[%clk 0:07:55]} 20. O-O
{[%clk 0:05:43]} Qd8 {[%clk 0:07:14]} 21. Rb1 {[%clk 0:05:17]} Bc8
{[%clk 0:07:13]} 22. Bg3 {[%clk 0:04:38]} Bf6 {[%clk 0:06:31]} 23. a5
{[%clk 0:04:06]} Bxh4 {[%clk 0:06:27]} 24. Ba4+ {[%clk 0:03:39]} Kf8
{[%clk 0:06:15]} 25. Bxe5 {[%clk 0:03:21]} dxe5 {[%clk 0:06:15]} 26. Bc6
{[%clk 0:03:08]} Ra7 {[%clk 0:06:10]} 27. Rb4 {[%clk 0:02:47]} Be7
{[%clk 0:05:45]} 28. Qb2 {[%clk 0:02:16]} Bxb4 {[%clk 0:04:47]} 29. Qxb4+
{[%clk 0:02:17]} Kg7 {[%clk 0:04:46]} 30. Qxc4 {[%clk 0:02:10]} Bd7
{[%clk 0:04:35]} 31. Bxd7 {[%clk 0:01:39]} Qxd7 {[%clk 0:04:33]} 32. Ng4
{[%clk 0:01:40]} Rc8 {[%clk 0:03:47]} 33. Qd3 {[%clk 0:01:32]} Qd6
{[%clk 0:03:38]} 34. Rb3 {[%clk 0:01:22]} h5 {[%clk 0:02:56]} 35. Ne3
{[%clk 0:00:39]} Qc5 {[%clk 0:02:47]} 36. Kh2 {[%clk 0:00:25]} Qxa5
{[%clk 0:02:40]} 37. f4 {[%clk 0:00:22]} Qd8 {[%clk 0:02:15]} 38. g3
{[%clk 0:00:14]} Qf6 {[%clk 0:02:01]} 39. f5 {[%clk 0:00:12]} a5 {[%clk 0:01:44]}
40. Rb1 {[%clk 0:00:05]} a4 {[%clk 0:01:40]} 41. Rf1 {[%clk 0:00:07]} g5
{[%clk 0:01:17]} 42. d6 {[%clk 0:00:08]} Rd8 {[%clk 0:01:08]} 43. Nd5
{[%clk 0:00:09]} Rxd6 {[%clk 0:00:56]} 44. Qe3 {[%clk 0:00:04]} Rxd5
{[%clk 0:00:56]} 45. exd5 {[%clk 0:00:05]} Rc7 {[%clk 0:00:46]} 46. Ra1
{[%clk 0:00:06]} Qxf5 {[%clk 0:00:46]} 47. Rxa4 {[%clk 0:00:08]} Qc2+
{[%clk 0:00:46]} 48. Kh3 {[%clk 0:00:06]} f6 {[%clk 0:00:26]} 49. Qe4
{[%clk 0:00:04]} g4+ {[%clk 0:00:26]} 0-1